[Event "Warsaw AIG Life rapid 8th"]
[Site "Warsaw"]
[Date "2008.12.21"]
[Round "12"]
[White "Nedilko, Vasily"]
[Black "Szymanska, Maria"]
[Result "1-0"]
[WhiteElo "2408"]
[BlackElo "2220"]
[PlyCount "39"]
[EventDate "2008.12.20"]
[EventType "swiss (rapid)"]
[EventRounds "13"]
[EventCountry "POL"]
[SourceTitle "CBM 127 Extra"]
[Source "ChessBase"]
[SourceDate "2009.01.08"]
[SourceVersion "2"]
[SourceVersionDate "2009.01.28"]
[SourceQuality "1"]

1. d4 e6 2. c4 Nf6 3. Nf3 Bb4+ 4. Nc3 b6 5. Bg5 Bb7 6. Nd2 h6 7. Bh4 0-0 8. e4 g5 9. Bg3 Bxc3 10. bxc3 Nxe4 11. Nxe4 Bxe4 12. h4 Bg6 13. hxg5 hxg5 14. Qf3 Nc6 15. Bxc7 Qe7 16. Bd6 Nxd4 17. Bxe7 Nxf3+ 18. gxf3 Rfc8 19. Bf6 Bh7 20. Bd3 1-0

[Event "Warsaw AIG Life rapid 7th"]
[Site "Warsaw"]
[Date "2007.12.16"]
[Round "10"]
[White "Szymanska, Maria"]
[Black "Maciejewski, Andrzej"]
[Result "1/2-1/2"]
[WhiteElo "2220"]
[BlackElo "2358"]
[PlyCount "129"]
[EventDate "2007.12.15"]
[EventType "swiss (rapid)"]
[EventRounds "13"]
[EventCountry "POL"]
[SourceTitle "CBM 121 Extra"]
[Source "ChessBase"]
[SourceDate "2008.01.10"]
[SourceVersion "1"]
[SourceVersionDate "2008.01.10"]
[SourceQuality "1"]

1. d4 g6 2. c4 Bg7 3. e4 d6 4. Nc3 c6 5. Nf3 Bg4 6. Be2 Bxf3 7. Bxf3 Qb6 8. d5 Qb4 9. Qb3 a5 10. 0-0 Nf6 11. Be2 Nfd7 12. Qc2 Nc5 13. Bd2 Qb6 14. Rab1 0-0 15. b3 Nbd7 16. a3 e6 17. b4 axb4 18. axb4 Na6 19. dxe6 fxe6 20. Bg4 Rae8 21. Be3 Qc7 22. Ne2 Nf6 23. Bh3 c5 24. bxc5 Nxc5 25. Nc3 Nh5 26. g3 Nf6 27. Rfd1 Qc6 28. Bg2 Ng4 29. e5 Nxe3 30. fxe3 Qa6 31. Nb5 Bxe5 32. Nc7 Qa3 33. Nxe8 Qxe3+ 34. Kh1 Rxe8 35. Re1 Qa3 36. Rf1 Qe3 37. Bxb7 Nxb7 38. Rxb7 Rf8 39. Rbb1 Rxf1+ 40. Rxf1 Kg7 41. Qg2 Qd3 42. Qb7+ Kh6 43. Qf3 Qxc4 44. g4 Qd5 45. Qxd5 exd5 46. Rd1 Kg5 47. Rxd5 Kxg4 48. Kg2 h5 49. h3+ Kf4 50. Ra5 g5 51. Ra8 g4 52. hxg4 hxg4 53. Rf8+ Ke3 54. Rd8 g3 55. Re8 Ke4 56. Ra8 d5 57. Ra2 d4 58. Re2+ Kf4 59. Re1 d3 60. Rb1 d2 61. Kf1 Ke3 62. Rb3+ Kd4 63. Ke2 Bf4 64. Rxg3 Bxg3 65. Kxd2 1/2-1/2

[Event "Warsaw AIG Life rapid 7th"]
[Site "Warsaw"]
[Date "2007.12.16"]
[Round "12"]
[White "Szymanska, Maria"]
[Black "Pileckis, Emilis"]
[Result "0-1"]
[WhiteElo "2220"]
[BlackElo "2349"]
[PlyCount "102"]
[EventDate "2007.12.15"]
[EventType "swiss (rapid)"]
[EventRounds "13"]
[EventCountry "POL"]
[SourceTitle "CBM 121 Extra"]
[Source "ChessBase"]
[SourceDate "2008.01.10"]
[SourceVersion "1"]
[SourceVersionDate "2008.01.10"]
[SourceQuality "1"]

1. d4 Nf6 2. c4 e6 3. Nf3 b6 4. g3 Ba6 5. Qa4 Bb7 6. Bg2 c5 7. 0-0 cxd4 8. Nxd4 Bxg2 9. Kxg2 Qc8 10. Nc3 Be7 11. f3 0-0 12. e4 d6 13. Be3 Qb7 14. Rfd1 a6 15. Rac1 Rc8 16. Qb3 Nc6 17. Nce2 Ne5 18. Rc3 Rc7 19. Nc2 Rb8 20. Ne1 Nfd7 21. Qc2 Rbc8 22. b3 Nc5 23. Qb1 Rd8 24. Bd4 Nc6 25. Be3 Bf6 26. Rcc1 Ne5 27. Rd2 Be7 28. Rcd1 Nc6 29. Nd3 Rcd7 30. Nc3 Bf6 31. Ne2 Be7 32. Nc3 Ra8 33. Nxc5 bxc5 34. Bxc5 Rad8 35. Be3 Bf6 36. Na4 Be7 37. Qc1 Ne5 38. Qb1 Qc6 39. Nb6 Rb7 40. c5 Rdb8 41. cxd6 Bd8 42. Na4 Qxa4 43. Qa1 Qb5 44. a4 Qa5 45. Bd4 Nd7 46. Bxg7 Rxb3 47. Bh6 Bf6 48. Qa2 Qh5 49. Bf4 Qxf3+ 50. Kg1 Rb2 51. Qc4 Rxd2 0-1

[Event "Warsaw AIG Life rapid 7th"]
[Site "Warsaw"]
[Date "2007.12.15"]
[Round "3"]
[White "Szymanska, Maria"]
[Black "Roy Chowdhury, Saptarshi"]
[Result "0-1"]
[WhiteElo "2220"]
[BlackElo "2418"]
[PlyCount "76"]
[EventDate "2007.12.15"]
[EventType "swiss (rapid)"]
[EventRounds "13"]
[EventCountry "POL"]
[SourceTitle "CBM 121 Extra"]
[Source "ChessBase"]
[SourceDate "2008.01.10"]
[SourceVersion "1"]
[SourceVersionDate "2008.01.10"]
[SourceQuality "1"]

1. d4 d5 2. c4 Bf5 3. Nc3 e6 4. Nf3 Nc6 5. a3 Nf6 6. Bf4 Be7 7. h3 0-0 8. e3 a6 9. Be2 h6 10. 0-0 Bd6 11. Ne5 Ne7 12. Bd3 dxc4 13. Bxc4 Nd7 14. e4 Bxe5 15. dxe5 Bg6 16. Qg4 Nc6 17. Qg3 Qe7 18. b4 Rad8 19. h4 Kh8 20. Rfc1 Nd4 21. Be3 c5 22. Rab1 Bh7 23. f3 b5 24. Bf1 Nc6 25. bxc5 Ndxe5 26. a4 b4 27. Nd1 Nd3 28. Rc2 f5 29. exf5 Bxf5 30. Rd2 a5 31. Ra1 Nce5 32. Nf2 Nc4 33. Re2 Nxe3 34. Rxe3 Nxf2 35. Qxf2 Qxc5 36. Bb5 Rd6 37. Rae1 Rfd8 38. Qg3 b3 0-1

[Event "POL-ch (Women)"]
[Site "Barlinek"]
[Date "2007.03.15"]
[Round "8"]
[White "Przezdziecka, Ewa"]
[Black "Szymanska, Maria"]
[Result "0-1"]
[WhiteElo "2133"]
[BlackElo "2218"]
[PlyCount "70"]
[EventDate "2007.03.08"]
[EventType "tourn"]
[EventRounds "11"]
[EventCountry "POL"]
[EventCategory "2"]
[SourceTitle "CBM 117 Extra"]
[Source "ChessBase"]
[SourceDate "2007.05.09"]
[SourceVersion "1"]
[SourceVersionDate "2007.05.09"]
[SourceQuality "1"]

1. d4 e6 2. Nf3 Nf6 3. c4 Bb4+ 4. Nbd2 b6 5. a3 Bxd2+ 6. Qxd2 Bb7 7. e3 d6 8. Be2 Nbd7 9. 0-0 a5 10. b3 0-0 11. Bb2 Ne4 12. Qc2 Ng5 13. Nd2 f5 14. f3 Qe8 15. Bd3 Qh5 16. d5 Nc5 17. f4 Nge4 18. Nxe4 fxe4 19. Bxe4 Nxe4 20. Qxe4 exd5 21. Qd4 Rf7 22. f5 dxc4 23. bxc4 Re8 24. Rf2 Re4 25. Qc3 Qg5 26. Re1 Rg4 27. g3 Rxf5 28. Rxf5 Qxf5 29. e4 Bxe4 30. Rf1 Qc5+ 31. Rf2 Bb7 32. Qe1 Re4 33. Qc3 Re5 34. Kf1 Qc6 35. Kg1 Qh1# 0-1

[Event "POL-chT 62th"]
[Site "Ustron"]
[Date "2006.09.10"]
[Round "9"]
[White "Szymanska, Maria"]
[Black "Mikulewicz, Joanna"]
[Result "1/2-1/2"]
[WhiteElo "2186"]
[BlackElo "2082"]
[PlyCount "56"]
[EventDate "2006.09.02"]
[EventType "team-tourn"]
[EventRounds "9"]
[EventCountry "POL"]
[SourceTitle "EXT 2019"]
[Source "ChessBase"]
[SourceDate "2018.10.10"]
[SourceVersion "1"]
[SourceVersionDate "2018.10.10"]
[SourceQuality "1"]
[WhiteTeam "Suwalki Hancza"]
[BlackTeam "Gorzow Wielkopolski Stilon"]
[WhiteTeamCountry "POL"]
[BlackTeamCountry "POL"]

1. d4 Nf6 2. c4 g6 3. Nc3 Bg7 4. e4 d6 5. Nf3 0-0 6. Be2 e5 7. 0-0 Nc6 8. d5 Ne7 9. b4 Nh5 10. Re1 f5 11. Ng5 Nf6 12. f3 a5 13. bxa5 Rxa5 14. Qb3 Kh8 15. Be3 Bh6 16. Nf7+ Rxf7 17. Bxh6 f4 18. Nb5 b6 19. Qc3 Nxe4 20. fxe4 Ng8 21. c5 Nxh6 22. cxd6 cxd6 23. Nxd6 Qxd6 24. Qxc8+ Rf8 25. Qh3 Nf7 26. Rec1 Ng5 27. Qd3 Ra3 28. Rc6 Rxd3 1/2-1/2

[Event "POL-chT 62th"]
[Site "Ustron"]
[Date "2006.09.05"]
[Round "4"]
[White "Dworakowska, Joanna"]
[Black "Szymanska, Maria"]
[Result "1/2-1/2"]
[WhiteElo "2359"]
[BlackElo "2186"]
[PlyCount "108"]
[EventDate "2006.09.02"]
[EventType "team-tourn"]
[EventRounds "9"]
[EventCountry "POL"]
[SourceTitle "EXT 2019"]
[Source "ChessBase"]
[SourceDate "2018.10.10"]
[SourceVersion "1"]
[SourceVersionDate "2018.10.10"]
[SourceQuality "1"]
[WhiteTeam "Katowice Hetman Szopienice"]
[BlackTeam "Suwalki Hancza"]
[WhiteTeamCountry "POL"]
[BlackTeamCountry "POL"]

1. e4 e6 2. d4 d5 3. Nc3 Bb4 4. e5 c5 5. a3 Bxc3+ 6. bxc3 Ne7 7. Qg4 Qc7 8. Qxg7 Rg8 9. Qxh7 cxd4 10. Ne2 Nbc6 11. f4 Bd7 12. Qd3 dxc3 13. Nxc3 a6 14. Ne2 0-0-0 15. Rb1 Nf5 16. Rg1 d4 17. g4 Nh4 18. Rg3 f6 19. exf6 e5 20. f5 Na5 21. f7 Rg7 22. f8Q Rxf8 23. Bh6 Bc6 24. Bxg7 Qxg7 25. c3 Rd8 26. cxd4 exd4 27. Rb4 Bb5 28. Rxb5 axb5 29. g5 Qe5 30. g6 Kb8 31. g7 Rg8 32. Qxd4 Qxg3+ 33. hxg3 Nf3+ 34. Kf2 Nxd4 35. Nxd4 Rxg7 36. Bxb5 Rf7 37. Kf3 Nb3 38. Nxb3 Rxf5+ 39. Ke4 Rxb5 40. Nd4 Ra5 41. g4 Rxa3 42. g5 Rg3 43. Kf5 Kc8 44. g6 Kd7 45. Kf6 Rg4 46. g7 Kd6 47. Ne6 Rxg7 48. Nxg7 b5 49. Ne6 b4 50. Nd4 Kd5 51. Nb3 Kc4 52. Na5+ Kb5 53. Nb3 Kc4 54. Na5+ Kb5 1/2-1/2

[Event "Kochan Memorial op 17th"]
[Site "Koszalin"]
[Date "2006.08.12"]
[Round "9"]
[White "Szymanska, Maria"]
[Black "Krzyzanowski, Marcin"]
[Result "0-1"]
[WhiteElo "2186"]
[BlackElo "2106"]
[PlyCount "66"]
[EventDate "2006.08.04"]
[EventType "swiss"]
[EventRounds "10"]
[EventCountry "POL"]
[SourceTitle "CBM 113 Extra"]
[Source "ChessBase"]
[SourceDate "2006.09.14"]
[SourceVersion "1"]
[SourceVersionDate "2006.09.14"]
[SourceQuality "1"]

1. d4 Nf6 2. c4 d6 3. Nf3 Nbd7 4. Nc3 e5 5. e4 g6 6. Be2 Bg7 7. 0-0 0-0 8. Re1 c6 9. Bf1 Qe7 10. dxe5 Nxe5 11. h3 Be6 12. Nxe5 dxe5 13. Be3 Rfd8 14. Qc2 Nd7 15. a3 f5 16. f3 f4 17. Bf2 g5 18. b4 h5 19. Rad1 Qf7 20. Nb1 Kh8 21. Nd2 Rg8 22. c5 g4 23. hxg4 hxg4 24. fxg4 Bh6 25. Bc4 Rxg4 26. Bxe6 Qxe6 27. Re2 Rxg2+ 28. Kxg2 Rg8+ 29. Kf1 f3 30. Re3 Bxe3 31. Bxe3 Qh3+ 32. Ke1 Rg2 33. Qc4 Qh4+ 0-1

[Event "Warsaw AIG Life rapid"]
[Site "Warsaw"]
[Date "2005.12.18"]
[Round "11"]
[White "Rajlich, Iweta"]
[Black "Szymanska, Maria"]
[Result "1-0"]
[WhiteElo "2453"]
[BlackElo "2159"]
[PlyCount "119"]
[EventDate "2005.12.17"]
[EventType "swiss (rapid)"]
[EventRounds "13"]
[EventCountry "POL"]
[SourceTitle "CBM 110 Extra"]
[Source "ChessBase"]
[SourceDate "2006.03.10"]
[SourceVersion "2"]
[SourceVersionDate "2006.03.10"]
[SourceQuality "1"]

1. e4 e6 2. d4 d5 3. Nd2 Nf6 4. e5 Nfd7 5. c3 c5 6. Bd3 Nc6 7. Ne2 Qb6 8. Nf3 cxd4 9. cxd4 f6 10. exf6 Nxf6 11. 0-0 Bd6 12. Re1 0-0 13. Bf4 Bxf4 14. Nxf4 Ne4 15. Bxe4 Rxf4 16. Bd3 g6 17. g3 Rf6 18. Bf1 Bd7 19. Re3 Raf8 20. Rb3 Qc7 21. Rc1 Qd6 22. Bg2 b6 23. Re3 Qb4 24. a3 Qd6 25. b4 Ne7 26. Bh3 Nf5 27. Bxf5 Rxf5 28. Rcc3 R8f6 29. Re5 Qf8 30. Rxf5 Rxf5 31. Ne5 Bb5 32. f4 g5 33. Qg4 Kh8 34. Rc7 Be8 35. Qh3 Qg8 36. fxg5 Rxg5 37. Re7 Rf5 38. Qh6 a5 39. bxa5 bxa5 40. Rxe6 Qf8 41. Qxf8+ Rxf8 42. Rd6 Bh5 43. g4 Be8 44. Rxd5 a4 45. Rd8 Kg7 46. Rb8 h6 47. h4 Rg8 48. Kh2 Kf8 49. Kg3 Ke7 50. Rb7+ Kd6 51. Rb6+ Kd5 52. Rxh6 Kxd4 53. Nf3+ Kc3 54. Rb6 Bd7 55. g5 Bf5 56. h5 Bc2 57. g6 Bb3 58. h6 Kb2 59. h7 Rh8 60. g7 1-0

[Event "Polanica Zdroj op-A 41st"]
[Site "Polanica Zdroj"]
[Date "2005.08.28"]
[Round "10"]
[White "Szymanska, Maria"]
[Black "Andrejczuk, Beata"]
[Result "1-0"]
[WhiteElo "2155"]
[BlackElo "2114"]
[PlyCount "23"]
[EventDate "2005.08.19"]
[EventType "swiss"]
[EventRounds "10"]
[EventCountry "POL"]
[SourceTitle "CBM 108 Extra"]
[Source "ChessBase"]
[SourceDate "2005.11.04"]
[SourceVersion "1"]
[SourceVersionDate "2005.11.04"]
[SourceQuality "1"]

1. d4 Nf6 2. c4 c5 3. d5 b5 4. cxb5 a6 5. b6 Qxb6 6. Nc3 g6 7. Nf3 Bb7 8. e4 e6 9. Ne5 Qb4 10. Nc4 Bc8 11. a3 Qb7 12. Bg5 1-0

[Event "Polanica Zdroj op-A 41st"]
[Site "Polanica Zdroj"]
[Date "2005.08.26"]
[Round "8"]
[White "Szymanska, Maria"]
[Black "Stysiak, Szymon"]
[Result "0-1"]
[WhiteElo "2155"]
[BlackElo "2198"]
[PlyCount "112"]
[EventDate "2005.08.19"]
[EventType "swiss"]
[EventRounds "10"]
[EventCountry "POL"]
[SourceTitle "CBM 108 Extra"]
[Source "ChessBase"]
[SourceDate "2005.11.04"]
[SourceVersion "1"]
[SourceVersionDate "2005.11.04"]
[SourceQuality "1"]

1. d4 d5 2. c4 e6 3. Nc3 Nf6 4. cxd5 exd5 5. Bg5 Be7 6. e3 Nbd7 7. Bd3 0-0 8. Qc2 c6 9. Nge2 Re8 10. 0-0 Nf8 11. f3 g6 12. Rad1 Ne6 13. Bh4 Ng7 14. Bf2 Be6 15. h3 Rc8 16. e4 a6 17. Na4 Nd7 18. a3 Bd6 19. e5 Be7 20. b4 a5 21. Rb1 axb4 22. axb4 b6 23. f4 Bf5 24. Bxf5 Nxf5 25. g4 Ng7 26. f5 Bh4 27. e6 fxe6 28. fxg6 h5 29. gxh5 Qg5+ 30. Kh1 Rf8 31. Bxh4 Qxh4 32. Rf7 Nf6 33. Rg1 Nf5 34. Qd2 Rxf7 35. gxf7+ Kxf7 36. Nxb6 Rb8 37. Na4 Ne4 38. Qf4 Qxf4 39. Nxf4 Rxb4 40. Ra1 Rxd4 41. Nb6 Rd2 42. Kg1 Nh4 43. Rf1 Kg8 44. Nd7 Ng3 45. Rf2 Rd1+ 46. Kh2 Nf1+ 47. Kg1 Nd2+ 48. Kh2 Nhf3+ 49. Kg3 e5 50. Ne6 Rg1+ 51. Rg2 Rxg2+ 52. Kxg2 e4 53. Nf6+ Kf7 54. h6 Kxf6 55. h7 Nh4+ 56. Kf2 Ng6 0-1

[Event "Polanica Zdroj op-A 41st"]
[Site "Polanica Zdroj"]
[Date "2005.08.20"]
[Round "2"]
[White "Szymanska, Maria"]
[Black "Poznanska, Katarzyna"]
[Result "1-0"]
[WhiteElo "2155"]
[BlackElo "2102"]
[PlyCount "67"]
[EventDate "2005.08.19"]
[EventType "swiss"]
[EventRounds "10"]
[EventCountry "POL"]
[SourceTitle "CBM 108 Extra"]
[Source "ChessBase"]
[SourceDate "2005.11.04"]
[SourceVersion "1"]
[SourceVersionDate "2005.11.04"]
[SourceQuality "1"]

1. d4 g6 2. c4 Bg7 3. e4 d6 4. Be2 Nc6 5. Be3 e5 6. Nf3 Bg4 7. d5 Nce7 8. Nc3 Nf6 9. 0-0 Bxf3 10. Bxf3 Nd7 11. Be2 0-0 12. b4 f5 13. f3 f4 14. Bf2 g5 15. c5 Rf6 16. Rc1 a6 17. a4 h5 18. a5 Rg6 19. cxd6 cxd6 20. Na4 Nc8 21. Qc2 Rb8 22. Qc7 Qe8 23. b5 g4 24. Bh4 Ne7 25. Bxe7 Qxe7 26. Nb6 Rd8 27. Qxb7 gxf3 28. Nxd7 Rxd7 29. Qxa6 Qf7 30. b6 h4 31. h3 Rg3 32. Qc8+ Kh7 33. Rc7 Rxc7 34. bxc7 1-0

[Event "Polanica Zdroj op-A 41st"]
[Site "Polanica Zdroj"]
[Date "2005.08.19"]
[Round "1"]
[White "Radovanovic, Jovica"]
[Black "Szymanska, Maria"]
[Result "1-0"]
[WhiteElo "2357"]
[BlackElo "2155"]
[PlyCount "89"]
[EventDate "2005.08.19"]
[EventType "swiss"]
[EventRounds "10"]
[EventCountry "POL"]
[SourceTitle "CBM 108 Extra"]
[Source "ChessBase"]
[SourceDate "2005.11.04"]
[SourceVersion "1"]
[SourceVersionDate "2005.11.04"]
[SourceQuality "1"]

1. Nf3 Nf6 2. g3 b6 3. Bg2 Bb7 4. 0-0 d6 5. c4 g6 6. d4 Bg7 7. d5 0-0 8. Nc3 e5 9. e4 a5 10. Rb1 Na6 11. b3 Nc5 12. Re1 Bc8 13. a3 Bd7 14. b4 axb4 15. axb4 Na4 16. Qb3 Qe8 17. Bd2 h6 18. Nh4 Nh7 19. Nb5 Bxb5 20. cxb5 Qxb5 21. Rec1 Qd7 22. Rc6 Rfb8 23. Rbc1 Rb7 24. Qc2 b5 25. Rxc7 Qxc7 26. Qxc7 Rxc7 27. Rxc7 Rb8 28. Bf1 Nf6 29. f3 Ne8 30. Rc6 Kh7 31. Ng2 Bf6 32. Ne1 Rb7 33. Nc2 Be7 34. Na3 Nc7 35. Be3 Kg7 36. Bh3 Ne8 37. Bc8 Rb8 38. Ba7 Ra8 39. Nxb5 Bd8 40. Kf1 Bg5 41. Ke2 Kf8 42. Kd1 h5 43. Kc2 Ke7 44. Kb3 Nc3 45. Rxc3 1-0

[Event "Kochan Memorial op-A 16th"]
[Site "Koszalin"]
[Date "2005.08.??"]
[Round "3"]
[White "Eichler, Gottfried Johannes"]
[Black "Szymanska, Maria"]
[Result "0-1"]
[WhiteElo "2082"]
[BlackElo "2155"]
[PlyCount "56"]
[EventDate "2005.08.??"]
[EventType "swiss"]
[EventRounds "10"]
[EventCountry "POL"]
[SourceTitle "EXT 2006"]
[Source "ChessBase"]
[SourceDate "2005.11.24"]
[SourceVersion "1"]
[SourceVersionDate "2005.11.24"]
[SourceQuality "1"]

1. d4 e6 2. Nf3 Nf6 3. Bf4 b6 4. e3 Bb7 5. h3 d6 6. Nbd2 Nbd7 7. c3 h6 8. Bh2 Qe7 9. b4 g6 10. Be2 Bg7 11. 0-0 0-0 12. a4 e5 13. Nb3 Ne4 14. Rc1 a5 15. bxa5 bxa5 16. Nfd2 Nb6 17. Nxe4 Bxe4 18. Nd2 Bc6 19. Bb5 Qd7 20. Qb3 Nxa4 21. Bxc6 Qxc6 22. f4 Rfb8 23. Qa3 Rb2 24. Nf3 Qc4 25. Rf2 Rxf2 26. Kxf2 Rb8 27. Nd2 Qd3 28. Nb3 Nxc3 0-1

[Event "Kochan Memorial op-A 16th"]
[Site "Koszalin"]
[Date "2005.08.??"]
[Round "7"]
[White "Skurski, Jan"]
[Black "Szymanska, Maria"]
[Result "1-0"]
[WhiteElo "2313"]
[BlackElo "2155"]
[PlyCount "99"]
[EventDate "2005.08.??"]
[EventType "swiss"]
[EventRounds "10"]
[EventCountry "POL"]
[SourceTitle "EXT 2006"]
[Source "ChessBase"]
[SourceDate "2005.11.24"]
[SourceVersion "1"]
[SourceVersionDate "2005.11.24"]
[SourceQuality "1"]

1. e4 e6 2. d4 d5 3. Nc3 Nf6 4. e5 Nfd7 5. f4 c5 6. Nf3 Nc6 7. Be3 a6 8. Qd2 b5 9. dxc5 Bxc5 10. Bxc5 Nxc5 11. Qf2 Qb6 12. Bd3 b4 13. Ne2 a5 14. 0-0 Ba6 15. Rfd1 Ne7 16. Ned4 h6 17. a4 Bxd3 18. cxd3 0-0 19. Nb3 Nd7 20. Nfd4 Rfc8 21. Rdc1 Ng6 22. g3 f6 23. exf6 Nxf6 24. Qe2 Kf7 25. Re1 Re8 26. Qf2 e5 27. Nb5 Qxf2+ 28. Kxf2 Re7 29. f5 Nf8 30. h3 N8d7 31. Rec1 e4 32. d4 Ra6 33. Ke3 g6 34. Nc5 Nxc5 35. dxc5 Rc6 36. Nd4 Rc8 37. c6 Rec7 38. fxg6+ Kxg6 39. Rc5 Kf7 40. Rac1 Ne8 41. Rxd5 Re7 42. Rxa5 Nc7 43. Rf1+ Kg6 44. Rf4 Rd8 45. Rxe4 Rf7 46. Ne6 Rd6 47. Nxc7 Rxc7 48. Rc5 Rcxc6 49. Rxc6 Rxc6 50. Rxb4 1-0

[Event "Kochan Memorial op-A 16th"]
[Site "Koszalin"]
[Date "2005.08.??"]
[Round "5"]
[White "Wieclaw, Michal"]
[Black "Szymanska, Maria"]
[Result "0-1"]
[WhiteElo "2193"]
[BlackElo "2155"]
[PlyCount "100"]
[EventDate "2005.08.??"]
[EventType "swiss"]
[EventRounds "10"]
[EventCountry "POL"]
[SourceTitle "EXT 2006"]
[Source "ChessBase"]
[SourceDate "2005.11.24"]
[SourceVersion "1"]
[SourceVersionDate "2005.11.24"]
[SourceQuality "1"]

1. e4 e6 2. d4 d5 3. Nd2 Nf6 4. e5 Nfd7 5. Bd3 c5 6. c3 Nc6 7. Ne2 Qb6 8. Nf3 f6 9. exf6 Nxf6 10. 0-0 Bd6 11. a3 0-0 12. Bf4 Bxf4 13. Nxf4 cxd4 14. cxd4 Qxb2 15. Rb1 Qxa3 16. Ne5 Qd6 17. Re1 Nb4 18. Bxh7+ Nxh7 19. Nfg6 Rf5 20. Re3 Nc6 21. g4 Rf6 22. f4 Ne7 23. g5 Rxg6 24. Kh1 Bd7 25. Rh3 Be8 26. Rbb3 b6 27. Rh5 Rxg5 28. fxg5 Bxh5 29. Qxh5 g6 30. Nxg6 Nxg6 31. Qxg6+ Kh8 32. Rh3 Qc7 33. Qh6 Qg7 34. Qh4 Kg8 35. g6 Nf8 36. Rg3 a5 37. Qg5 a4 38. Qc1 a3 39. Rxa3 Rxa3 40. Qxa3 Nxg6 41. Qd6 Qf7 42. Kg1 b5 43. Qb8+ Kg7 44. Qxb5 Nh4 45. Qe2 Qg6+ 46. Kf1 Qf5+ 47. Ke1 Qe4 48. Qxe4 dxe4 49. Kf2 Kg6 50. Kg3 Kg5 0-1

[Event "Linares Anibal op 11th"]
[Site "Linares"]
[Date "2005.03.01"]
[Round "6"]
[White "Szymanska, Maria"]
[Black "Navarro Torres, Pedro Manuel"]
[Result "0-1"]
[WhiteElo "2108"]
[BlackElo "2232"]
[PlyCount "70"]
[EventDate "2005.02.25"]
[EventType "swiss"]
[EventRounds "9"]
[EventCountry "ESP"]
[SourceTitle "CBM 105 Extra"]
[Source "ChessBase"]
[SourceDate "2005.05.01"]
[SourceVersion "1"]
[SourceVersionDate "2005.05.01"]
[SourceQuality "1"]

1. d4 Nf6 2. c4 g6 3. Nc3 Bg7 4. e4 d6 5. Be2 0-0 6. Bg5 c5 7. d5 h6 8. Bf4 b5 9. cxb5 a6 10. a4 Qa5 11. Bd2 axb5 12. Nxb5 Qd8 13. Qc2 Na6 14. Nf3 Bb7 15. 0-0 e6 16. Nxd6 Qxd6 17. e5 Qxd5 18. exf6 Bxf6 19. Bxh6 Rfc8 20. Ra3 Nb4 21. Qc1 c4 22. Rd1 Qf5 23. Qd2 Nd5 24. Nd4 Qe5 25. Bf3 Rd8 26. Qc1 Rac8 27. Be3 Be7 28. Ra1 c3 29. Bxd5 Qxd5 30. f3 e5 31. Ne2 Qxd1+ 32. Qxd1 Rxd1+ 33. Rxd1 cxb2 34. Bd2 Rc2 35. Nc3 Bb4 0-1

[Event "Linares Anibal op 11th"]
[Site "Linares"]
[Date "2005.02.28"]
[Round "4"]
[White "Szymanska, Maria"]
[Black "Rios del Moral, Roberto Neftali"]
[Result "1-0"]
[WhiteElo "2108"]
[BlackElo "2140"]
[PlyCount "67"]
[EventDate "2005.02.25"]
[EventType "swiss"]
[EventRounds "9"]
[EventCountry "ESP"]
[SourceTitle "CBM 105 Extra"]
[Source "ChessBase"]
[SourceDate "2005.05.01"]
[SourceVersion "1"]
[SourceVersionDate "2005.05.01"]
[SourceQuality "1"]

1. d4 d5 2. c4 e6 3. Nc3 f5 4. e3 c6 5. Qc2 Nf6 6. f3 Bd6 7. Bd3 0-0 8. Nge2 Nbd7 9. Bd2 a5 10. 0-0 dxc4 11. Bxc4 Nb6 12. Bd3 Nbd5 13. a3 Qc7 14. g3 Nxc3 15. Bxc3 Nd5 16. Bd2 e5 17. Bc4 Kh8 18. Bxd5 cxd5 19. Qxc7 Bxc7 20. Rac1 Bd6 21. Nc3 exd4 22. exd4 Bd7 23. Nxd5 Bb5 24. Rfe1 Bc6 25. Nb6 Ra6 26. d5 Rxb6 27. dxc6 bxc6 28. Re6 Bb8 29. Rexc6 Rxb2 30. Bxa5 Kg8 31. Bb4 Re8 32. Rc8 Rbe2 33. Kf1 Kf7 34. Rxb8 1-0

[Event "Warsaw-ch"]
[Site "Warsaw"]
[Date "2004.09.26"]
[Round "9"]
[White "Sadowski, Miroslaw"]
[Black "Szymanska, Maria"]
[Result "1/2-1/2"]
[WhiteElo "2171"]
[BlackElo "2100"]
[PlyCount "32"]
[EventDate "2004.09.18"]
[EventType "swiss"]
[EventRounds "9"]
[EventCountry "POL"]
[SourceTitle "EXT 2008"]
[Source "ChessBase"]
[SourceDate "2007.11.25"]
[SourceVersion "1"]
[SourceVersionDate "2007.11.25"]
[SourceQuality "1"]

1. d4 e6 2. Nf3 Nf6 3. Bf4 c5 4. e3 Nc6 5. c3 d5 6. Nbd2 Bd6 7. Ne5 Qc7 8. Ndf3 Nd7 9. Nxc6 bxc6 10. Bxd6 Qxd6 11. Be2 0-0 12. Qa4 cxd4 13. cxd4 Rb8 14. b3 Rb6 15. 0-0 c5 16. Rac1 Ba6 1/2-1/2

[Event "POL-chT 60th"]
[Site "Dzwirzyno"]
[Date "2004.09.12"]
[Round "9"]
[White "Jaracz, Barbara"]
[Black "Szymanska, Maria"]
[Result "1-0"]
[WhiteElo "2300"]
[BlackElo "2100"]
[PlyCount "89"]
[EventDate "2004.09.04"]
[EventType "team-tourn"]
[EventRounds "9"]
[EventCountry "POL"]
[SourceTitle "EXT 2019"]
[Source "ChessBase"]
[SourceDate "2018.10.10"]
[SourceVersion "1"]
[SourceVersionDate "2018.10.10"]
[SourceQuality "1"]
[WhiteTeam "Lublin UMCS"]
[BlackTeam "Suwalki Hancza"]
[WhiteTeamCountry "POL"]
[BlackTeamCountry "POL"]

1. e4 e6 2. d4 d5 3. Nd2 Nf6 4. e5 Nfd7 5. Bd3 c5 6. c3 Nc6 7. Ne2 Qb6 8. Nf3 cxd4 9. cxd4 f6 10. exf6 Nxf6 11. 0-0 Bd6 12. b3 0-0 13. Bb2 Bd7 14. Nc3 Rae8 15. Na4 Qa5 16. Ne5 Nb4 17. Bb1 Re7 18. a3 Nc6 19. b4 Qc7 20. Re1 Be8 21. Bd3 Bh5 22. Qc2 Kh8 23. h3 Nd8 24. Qd2 Ree8 25. Rac1 Qe7 26. Nc3 a6 27. f4 Nd7 28. f5 Bxe5 29. dxe5 Nc6 30. f6 Qf7 31. Nxd5 gxf6 32. Nxf6 Nxf6 33. exf6 e5 34. Qh6 Bg6 35. Bxa6 Nd4 36. Qg7+ Qxg7 37. fxg7+ Kxg7 38. Bxb7 Rf6 39. Rxe5 Ne2+ 40. Rxe2 Rxe2 41. Rc7+ Bf7 42. Bxf6+ Kxf6 43. Bf3 Re3 44. a4 Ra3 45. a5 1-0

[Event "POL-chT 1st League"]
[Site "Ustron"]
[Date "2003.09.13"]
[Round "8"]
[White "Gazik, Renata"]
[Black "Szymanska, Maria"]
[Result "0-1"]
[WhiteElo "2170"]
[BlackElo "2167"]
[PlyCount "40"]
[EventDate "2003.09.06"]
[EventType "team-tourn"]
[EventRounds "9"]
[EventCountry "POL"]
[SourceTitle "EXT 2005"]
[Source "ChessBase"]
[SourceDate "2004.11.15"]
[SourceVersion "1"]
[SourceVersionDate "2004.11.15"]
[SourceQuality "1"]
[WhiteTeam "Raciborz Rzemioslo"]
[BlackTeam "Suwalki Hancza"]
[WhiteTeamCountry "POL"]
[BlackTeamCountry "POL"]

1. d4 e6 2. Nf3 Nf6 3. Bg5 h6 4. Bh4 c5 5. c3 b6 6. e3 Bb7 7. Nbd2 cxd4 8. cxd4 Be7 9. Qc2 Nc6 10. Be2 Rc8 11. Nc4 d6 12. a4 Nd5 13. Bg3 0-0 14. 0-0 f5 15. h3 Nf6 16. Bd3 Qd7 17. Qe2 Nd8 18. Nfd2 Qc6 19. f3 Nh5 20. Bh2 Qd7 0-1